000 01560nam2a2200253 4500
001 v19\rc\1259898
005 20251211153020.0
035 _a(NLR Aleph) 004414438
090 _a13477808
_c13477808
100 _a20060306d1894 u y0rusy50 ca
101 0 _arus
_apol
102 _aRU
105 _ay b |||||
200 0 _a... Декабрь 1894
210 _dценз. 1894
215 _a32 с.
300 _aТекст парал. на рус. и польск. яз.
461 0 _1001RU\NLR\BIBL_A\022685922
_12001#$aКаталог Постоянной выставки образцов заводских, фабричных и ремесленных изделий в г. Варшаве ...$fВаршавск. отд-ние ... О-ва для поощрения русской промышленности и торговли$v... Декабрь 1894
_913503593
_aПостоянная выставка образцов и моделей заводских и ремесленных изделий (Варшава)
_cВаршава
_d1894–1896
_fВаршавск. отд-ние ... О-ва для поощрения русской промышленности и торговли
_tКаталог Постоянной выставки образцов заводских, фабричных и ремесленных изделий в г. Варшаве ...
_v... Декабрь 1894
801 0 _aRU
_bNLR
_gpsbo
801 1 _aRU
_bProSoft-M
_2rusmarc
852 _aNLR
_j18.300.7.18(1894)
942 _cBOOK
980 _aNB